00242nam a2200097Ia 4500008004100000100000900041245004100050260002900091942000700120999001700127190216s9999||||xx |||||||||||||| ||und|| aNull 0aHindi-Prachin Bharath Ke Mahan Balak bMac Millian And Com. Ltd cBK c18130d18130